000 00275nam a2200121Ia 4500
008 190216s9999||||xx |||||||||||||| ||und||
100 _aAttoor Ravi Varma
245 0 _aKavitha
260 _bPoorna Pubs Kozhikode
_c1987
300 _a60p
650 _aKavithkal
942 _cBK
999 _c25627
_d25627